00722cam a2200229 i 4500003000900000005001700009007000300026008004100029020001500070040003000085082001400115100003400129245005200163250001900215264003000234300002600264336002700290337003400317338002800351651006400379651004900443DO-SdBNP20240301180540.0ta751003s2005 sp 000 0 spa d a848310749X aDO-SdBNPbspacBNPHUerda bG752a2221 aMarx, Karl,d1818-1883eautor13aAtlas de geografía humana /cAlmudena Grandes a4ta. edición 1aMadrid :bGrafos, c2005. a467 páginasc22 cm. 2rdacontentatextobtxt 2rdamediaasin mediación bn 2rdacarrieravolumenbnc 4aEspañaxHistoriay1808-1814 (Guerra de la Independencia)| 4aEspañaxHistoriay1814-1833 (Fernando VII)